000 00685nam a2200253Ia 4500
003 OSt
005 20251009183836.0
008 210423s2007 xx 000 0 und d
020 _a9781403932990
040 _cAL
041 _aEnglish
082 _a339.3
_bLEVM
100 _aRosalind Levacic
_977772
245 _aMacroeconomics
_b: an introduction to keynesian-neoclassical controversies
250 _a2
260 _aNew Delhi
_bOxford University Press
_c2007
300 _axvii,455
_bPB
365 _b427
_cINR
650 _aEconomics
_977773
650 _aMacroeconomics
_977774
700 _aRebmann, Alexander
_9241952
906 _aMacroeconomics
942 _2ddc
_cBK
999 _c155942
_d155942